По сигурен път (Запис номер 167570)
[ съкратено ]
| 000 -Лидер | |
|---|---|
| Контролно поле с фиксирана дължина | nam a22 a 4500 |
| 003 - Код на организацията, давaща контролен номер | |
| Контролно поле | BLK |
| 005 - Дата и час на последна редакция | |
| Контролно поле | 20220701164029.0 |
| 008 - Елементи от данни с фиксирана дължина | |
| fixed length control field | 180411b bul|||||r ||||||| ||bul|| |
| 010 ## - Наследен системен номер | |
| LC control number | KNG00175381000 |
| 040 ## - Източник на каталожния запис | |
| Идентификатор на билиотеката - собственик на записа | BLK |
| 041 ## - Код за език | |
| Код за езика на текст/звукозапис или на отделно заглавие | Български |
| Код за езика КДБФ | Български |
| 072 #7 - Код за тематичната категория | |
| Код организация | bullib |
| Код за тематична категория | К |
| Текст | Краезнание |
| 080 ## - УДК | |
| Текстов определител УДК | Селскостопански предприятия. Земевладения |
| УДК код - определител по УДК | 631.11 |
| УДК определител | (497.21-22) |
| УДК - код + определител | 631.11(497.21-22) |
| 100 1# - Редна дума - Автор | |
| Автор | Ботев, Пеньо |
| Авторска отговорност | първи автор |
| R(LIN) | 330494 |
| 139 ## - Редно поле | |
| Редна дума | Ботев, Пеньо и др. |
| Авторски знак | Ботев, Хр. - Б 70 |
| 245 10 - Сведения за заглавието | |
| Заглавие | По сигурен път |
| Подзаглавни данни | По случай 20-год. юбилей на ТКЗС "Клемент Готвалд" - с. Острица, Русенско : 1947-1967 |
| Редно поле (дума) | Пеньо Ботев; съавт. Ас. Цонев. |
| 257 ## - Страна на издаване | |
| Страна на създаване/издаване | България |
| 260 ## - Област на издателските данни | |
| Място на издаване, разпространение и проч. | б.м. |
| Име на издателя, разпространителя и проч. | ТКЗС Клемент Готвалд |
| Година на издаване | 1967 |
| Печатница | Русе : печ. Дунав |
| 300 ## - Физическа характеристика | |
| Страници | 80 с. |
| Илюстрации и др. | с портр., ил. |
| Размери/Мащаб | 19 см |
| 380 ## - Жанр | |
| Жанр | Селско стопанство |
| 500 ## - Общи забележки | |
| Забележка | Изд. на Общ. парт. к-т, ТКЗС Клемент Готвалд. УС - с. Острица, Русенско. |
| 650 #4 - Допълнително описание по предмет – тема | |
| Основно описание – тема или топоним | ТКЗС |
| 9 (RLIN) | 317776 |
| 651 #4 - Допълнително описание по предмет - топоним | |
| Географско понятие | Острица |
| 9 (RLIN) | 179318 |
| 651 #4 - Допълнително описание по предмет - топоним | |
| Географско понятие | Русенско |
| 9 (RLIN) | 179464 |
| 653 ## - Ключова дума – ненормативна | |
| Ключова дума | ТКЗС |
| 653 ## - Ключова дума – ненормативна | |
| Ключова дума | Острица |
| 659 ## - Тематичен бюлетин | |
| Тематичен бюлетин | К |
| 700 1# - Други автори (авторска отговорност) | |
| Лично име | Цонев, Ас. |
| Автороска отговорност (Описва отношението между автора и произведението) | съавт. |
| 9 (RLIN) | 330496 |
| 852 ## - Местоположение | |
| Форматна сигнатура | Цб 57228 |
| Фондова буква | Хранилище |
| 852 ## - Местоположение | |
| Форматна сигнатура | К 63/Б 70 П |
| 856 4# - Електронен адрес и достъп | |
| Електронен формат | pdf - файл |
| 856 4# - Електронен адрес и достъп | |
| Електронен формат | pdf - файл |
| 999 ## - СИСТЕМНИ КОНТРОЛНИ НОМЕРА | |
| Koha biblionumber | 167570 |
| Koha biblioitemnumber | 167570 |
| 942 ## - АРТИКУЛИ | |
| Вид на библиотечния материал | Книги |
| Скрит в OPAC | Не |
| Периодичен библиозапис | Да |
| 944 ## - СЪЗДАВАНЕ И РЕДАКЦИЯ на ЗАПИСА | |
| Създаване/Редакция | Създаване |
| Дата на регистрацията/редакция | 15.05.2015 |
| Статус, дата на статуса | 15.05.2015 - от С1,Р / 15.05.2015 |
| Служител, извършил регистрацията/редакцията | Валя_Йорданова |
| 944 ## - СЪЗДАВАНЕ И РЕДАКЦИЯ на ЗАПИСА | |
| Създаване/Редакция | Редакция |
| Дата на регистрацията/редакция | 29.07.2015 |
| Статус, дата на статуса | 15.05.2015 - от С1,Р / 15.05.2015 |
| Служител, извършил регистрацията/редакцията | Валя_Йорданова |
| Код за отписване | Код за изгубен артикул | Източник на класификационната схема | Код за повреда | Коз за рестрикции | Код за отдаване | Артикулен № | Име на библиотеката - собственик | Име на библиотеката, в която се намира в момента | Статус (Текущо местоположение) | Дата на вписване в системата | Местоположение - отдел | Цена в лева | Инвентарен номер | Систематично азбучна сигнатура | Баркод | Номер на екземпляра | Цена в евро | Служебна бележка | Служебен тип на артикула |
|---|---|---|---|---|---|---|---|---|---|---|---|---|---|---|---|---|---|---|---|
| Не е изгубен | Universal Decimal Classification | Не е повреден | без рестрикции | ползва се в читалня | 282310 | Регионална библиотека "Любен Каравелов" Русе | Регионална библиотека "Любен Каравелов" Русе | Краезнание | 1967-01-01 | Краезнание | 0.12 | 86692 | К 63/Б 70 | 120000086692 | 1 | 0.06 | N: Сф Дата: 01.01.1967 Дата инв: 10.11.2017 Бележки инв: К2017 | Книги | |
| Не е изгубен | Universal Decimal Classification | Не е повреден | без рестрикции | ползва се в читалня | 282311 | Регионална библиотека "Любен Каравелов" Русе | Регионална библиотека "Любен Каравелов" Русе | Краезнание | 1967-01-01 | Краезнание | 0.12 | 86693 | К 63/Б 70 П | 120000086693 | 2 | 0.06 | N: Сф Дата: 01.01.1967 Дата инв: 16.11.2017 Бележки инв: К2017 | Книги | |
| Не е изгубен | Universal Decimal Classification | Не е повреден | само за читалня | ползва се в читалня | 282312 | Регионална библиотека "Любен Каравелов" Русе | Регионална библиотека "Любен Каравелов" Русе | Хранилище | 1967-01-01 | Хранилище | 0.25 | 11435/67 | Цб 57228 | 900000103057 | 3 | 0.13 | Дост: Dp Вид: Д N: Сф Дата: 01.01.1967 | Книги |